| 000 | 01377nam a2200373 i 4500 | ||
|---|---|---|---|
| 001 | 200462791 | ||
| 003 | TR-AnTOB | ||
| 005 | 20241022110503.0 | ||
| 007 | ta | ||
| 008 | 140417s2013 tu d 001 0 tur d | ||
| 020 |
_a6053608017 _q(hardback) |
||
| 020 |
_a9786053608011 _q(hardback) |
||
| 035 | _a(OCoLC)877821731 | ||
| 040 |
_aSULEY _beng _erda _cSULEY _dTR-AnTOB |
||
| 041 | 0 | _atur | |
| 049 | _aMAIN | ||
| 050 | 0 | 4 |
_aP99 _b.R54 2013 |
| 090 |
_aP99 _b.R54 2013 |
||
| 100 | 1 |
_aRifat, Mehmet, _d1949- _eauthor _928085 |
|
| 245 | 0 | 0 |
_aAçıklamalı göstergebilim sözlüğü: _bkavramlar, yöntemler, kuramcılar, okullar / _cMehmet Rifat. |
| 246 | 1 | 0 | _aGöstergebilim sözlüğü |
| 250 | _a1. basım : Şubat 2013 | ||
| 264 | 1 |
_aBeyoğlu, İstanbul : _bTürkiye İş Bankası, _c2013. |
|
| 300 |
_aix, 336 pages ; _c22 cm |
||
| 336 |
_atext _btxt _2rdacontent |
||
| 337 |
_aunmediated _bn _2rdamedia |
||
| 338 |
_avolume _bnc _2rdacarrier |
||
| 490 | 1 |
_aGenel Yayın; _v2715. |
|
| 504 | _aKaynakça (sayfa [277]-309) ve dizin var. | ||
| 505 | 0 | _aÖnsöz -- Kısaltmalar -- Açıklamalı göstergebilim sözlüğü -- Fransızca-Türkçe dizin -- İngilizce-Türkçe dizin -- İtalyanca-Türkçe dizin -- Kaynakça -- Kavramlar dizini -- Özel adlar dizini. | |
| 650 | 0 |
_aGöstergebilim _vDictionaries _9124770 |
|
| 942 |
_2lcc _cBK |
||
| 999 |
_c200462791 _d81003 |
||